000
00269nam a2200085Ia 4500
245
0
_a
African women's movements : transforming political landscapes
100
_a
Tripp, Aili Mari Cambridge, 2009
_9
77943
942
_c
BK
008
210817s9999 xx 000 0 und d
999
_c
268142
_d
268141